LEADER 01304nam2-2200385---450- 001 990003369760203316 005 20100716092422.0 010 $a88-14-13704-8 035 $a000336976 035 $aUSA01000336976 035 $a(ALEPH)000336976USA01 035 $a000336976 100 $a20100209d2008----km-y0itay50------ba 101 0 $aita 102 $aIT 105 $a||||||||001yy 200 1 $a<> contribuzione previdenziale$fa cura di Fabio Fonzo, Angelo Pandolfo e Antonino Sgroi 210 $aMilano$cGiuffrè$d2008 215 $aXVIII, 524 p.$d21 cm 225 2 $aTeoria e pratica del diritto$iSez. 1, Diritto e procedura civile$v137 410 0$1001000313872$aTeoria e pratica del diritto$iSez. 1, Diritto e procedura civile$v, 137 606 0 $aContributi sociali$2BNCF 676 $a344.450159 700 1$aMASSUCCI,$bBruno$0597214 801 0$aIT$bsalbc$gISBD 912 $a990003369760203316 951 $aXXV.1. Coll. 15/ 151$b63348 G.$cXXV.1. Coll. 15/$d00255667 959 $aBK 969 $aGIU 979 $aFIORELLA$b90$c20100209$lUSA01$h1125 979 $aFIORELLA$b90$c20100209$lUSA01$h1125 979 $aFIORELLA$b90$c20100209$lUSA01$h1128 979 $aFIORELLA$b90$c20100716$lUSA01$h0924 996 $aContribuzione previdenziale$91123482 997 $aUNISA LEADER 02868nam 2200649 a 450 001 996205343903316 005 20230721025651.0 010 $a1-280-93246-5 010 $a9786610932467 010 $a1-4443-2510-8 010 $a0-470-76174-1 010 $a1-4051-8136-2 035 $a(CKB)1000000000341904 035 $a(EBL)306556 035 $a(OCoLC)476085417 035 $a(SSID)ssj0000230593 035 $a(PQKBManifestationID)11198656 035 $a(PQKBTitleCode)TC0000230593 035 $a(PQKBWorkID)10196528 035 $a(PQKB)10439002 035 $a(MiAaPQ)EBC306556 035 $a(EXLCZ)991000000000341904 100 $a20060804d2007 uy 0 101 0 $aeng 135 $aur|n|---||||| 181 $ctxt 182 $cc 183 $acr 200 10$aPublics and the city$b[electronic resource] /$fKurt Iveson 210 $aMalden, MA ;$aOxford $cBlackwell Pub.$d2007 215 $a1 online resource (265 p.) 225 1 $aRGS-IBG book series 300 $aDescription based upon print version of record. 311 $a1-4051-2732-5 311 $a1-4051-2730-9 320 $aIncludes bibliographical references (p. [233]-246) and index. 327 $aThe problem with public space -- Publics and the city -- Making a claim : the regulation of protest at Parliament House, Canberra -- Cruising : governing beat sex in Melbourne -- Making a name : writing graffiti in Sydney -- 'No fun, no hope, don't belong' : re-making 'public space' in neo-liberal Perth -- Justifying exclusion : keeping men out of the ladies' baths, Sydney -- Imagining the public city : concluding reflections. 330 $aPublics and the City investigates struggles over the making of urban publics, considering how the production, management and regulation of 'public spaces' has emerged as a problem for both urban politics and urban theory. Advances a new framework for considering the diverse spatialities of publicness in relation to the city Argues that a city's contribution to the making of publics goes beyond the provision of places for public gathering Examines a series of detailed case studies Looks at the relationship between urbanism, public spheres, and demo 410 0$aRGS-IBG book series. 606 $aCity planning$zAustralia$vCase studies 606 $aPublic spaces$zAustralia$vCase studies 606 $aUrban policy$zAustralia$vCase studies 606 $aCity and town life$zAustralia$vCase studies 615 0$aCity planning 615 0$aPublic spaces 615 0$aUrban policy 615 0$aCity and town life 676 $a307.1/2160994 676 $a307.12160994 700 $aIveson$b Kurt$0896555 801 0$bMiAaPQ 801 1$bMiAaPQ 801 2$bMiAaPQ 906 $aBOOK 912 $a996205343903316 996 $aPublics and the city$92003109 997 $aUNISA